| 000 | 00491nam a2200193 a 4500 | ||
|---|---|---|---|
| 001 | 33225 | ||
| 005 | 20180714001113.0 | ||
| 008 | 140415s1992 mx 000 0 spa d | ||
| 020 | _a2905480920 | ||
| 041 | _aspa | ||
| 082 |
_a231.5 _bEVE |
||
| 100 | 1 | _aEVELYNE | |
| 245 | 1 | 3 | _aEL ABANDONO EN LA PRIVIDENCIA |
| 250 | _a1a ed. | ||
| 260 |
_aMEXICO : _bPUBLICACIONES KERYGMA, _c1992 |
||
| 300 | _a59 | ||
| 490 |
_aVIDA EN EL ESPIRITU _v2 |
||
| 650 | 1 | 4 | _aPROVIDENCIA DIVINA |
| 999 |
_c33225 _d33225 |
||